| 000 | 00639nam a22001337a 4500 | ||
|---|---|---|---|
| 040 | _crua | ||
| 082 | _aAVM CHA 2018 B658 Or.1 | ||
| 100 | _aCHAN LIDA ចាន់ លីដា | ||
| 245 | _aPRESENCE FASCIOLA IN CATTLE'S LIVER AT SLAUGHTEHOUSE IN SAANG DISTRICT, KANDAL PROVINCE វគ្គមាន fasciola ក្នុងថ្លើមគោនៅទីសត្តឃាជ ស្រុកស្អាត ខេត្តកណា្ដលត | ||
| 260 |
_arua _bphnom penh _c2018 |
||
| 300 |
_aix;39p _bill; _c29cm |
||
| 856 | _uhttps://drive.google.com/file/d/1L3yHV28TNXM8372wL0fSdMXTo3cfYfcZ/view?usp=sharing | ||
| 942 | _cAVM | ||
| 999 |
_c18946 _d18946 |
||